Banderas Provinciales (Argentina) - Estadísticas

Estadísticas generales
  • Esta prueba ha sido intentada 44 veces
  • La puntuación promedio es 377 de 575
Estadísticas de respuestas
Pregunta Azulejo Select % Correcto
Seleccioná la bandera de la Provincia de Buenos Aires No
100%
Seleccioná la bandera de la Provincia de Buenos Aires No
100%
Seleccioná la bandera de la Provincia de Buenos Aires No
100%
Seleccioná la bandera de la Provincia de Buenos Aires No
100%
Seleccioná la bandera de la Provincia de Buenos Aires No
100%
Seleccioná la bandera de la Provincia de Buenos Aires No
100%
Seleccioná la bandera de la Provincia de Buenos Aires No
100%
Seleccioná la bandera de la Provincia de Buenos Aires No
97%
Seleccioná la bandera de la Provincia de Buenos Aires No
97%
Seleccioná la bandera de la Provincia de Buenos Aires No
97%
Seleccioná la bandera de la Provincia de Buenos Aires No
97%
Seleccioná la bandera de la Provincia de Buenos Aires No
97%
Seleccioná la bandera de la Provincia de Buenos Aires No
97%
Seleccioná la bandera de la Provincia de Buenos Aires No
97%
Seleccioná la bandera de la Provincia de Buenos Aires No
97%
Seleccioná la bandera de la Provincia de Buenos Aires No
97%
Seleccioná la bandera de la Provincia de Buenos Aires No
97%
Seleccioná la bandera de la Provincia de Buenos Aires No
97%
Seleccioná la bandera de la Provincia de Buenos Aires No
97%
Seleccioná la bandera de la Provincia de Buenos Aires No
95%
Seleccioná la bandera de la Provincia de Buenos Aires No
95%
Seleccioná la bandera de la Provincia de Buenos Aires No
95%
Seleccioná la bandera de la Provincia de Buenos Aires No
95%
Seleccioná la bandera de la Provincia de Buenos Aires No
89%
Seleccioná la bandera de la Provincia de Buenos Aires
76%
Seleccioná la bandera de la Provincia de Chubut No
76%
Seleccioná la bandera de la Provincia de Chubut No
76%
Seleccioná la bandera de la Provincia de Chubut No
76%
Seleccioná la bandera de la Provincia de Chubut No
76%
Seleccioná la bandera de la Provincia de Chubut No
76%
Seleccioná la bandera de la Provincia de Chubut No
76%
Seleccioná la bandera de la Provincia de Chubut No
76%
Seleccioná la bandera de la Provincia de Chubut No
76%
Seleccioná la bandera de la Provincia de Chubut No
76%
Seleccioná la bandera de la Provincia de Chubut No
76%
Seleccioná la bandera de la Provincia de Chubut No
76%
Seleccioná la bandera de la Provincia de Chubut No
76%
Seleccioná la bandera de la Provincia de Chubut No
76%
Seleccioná la bandera de la Provincia de Chubut No
76%
Seleccioná la bandera de la Provincia de Chubut No
76%
Seleccioná la bandera de la Provincia de Chubut No
76%
Seleccioná la bandera de la Provincia de Chubut No
76%
Seleccioná la bandera de la Provincia de Córdoba No
76%
Seleccioná la bandera de la Provincia de Córdoba No
76%
Seleccioná la bandera de la Provincia de Córdoba No
76%
Seleccioná la bandera de la Provincia de Córdoba No
76%
Seleccioná la bandera de la Provincia de Córdoba No
76%
Seleccioná la bandera de la Provincia de Córdoba No
76%
Seleccioná la bandera de la Provincia de Córdoba No
76%
Seleccioná la bandera de la Provincia de Córdoba No
76%
Seleccioná la bandera de la Provincia de Córdoba No
76%
Seleccioná la bandera de la Provincia de Córdoba No
76%
Seleccioná la bandera de la Provincia de Córdoba No
76%
Seleccioná la bandera de la Provincia de Córdoba No
76%
Seleccioná la bandera de la Provincia de Córdoba No
76%
Seleccioná la bandera de la Provincia de Córdoba No
76%
Seleccioná la bandera de la Provincia de Córdoba No
76%
Seleccioná la bandera de la Provincia de Entre Ríos No
76%
Seleccioná la bandera de la Provincia de Entre Ríos No
76%
Seleccioná la bandera de la Provincia de Entre Ríos No
76%
Seleccioná la bandera de la Provincia de Entre Ríos No
76%
Seleccioná la bandera de la Provincia de Entre Ríos No
76%
Seleccioná la bandera de la Provincia de Entre Ríos No
76%
Seleccioná la bandera de la Provincia de Entre Ríos No
76%
Seleccioná la bandera de la Provincia de Entre Ríos No
76%
Seleccioná la bandera de la Provincia de Entre Ríos No
76%
Seleccioná la bandera de la Provincia de Entre Ríos No
76%
Seleccioná la bandera de la Provincia de Entre Ríos No
76%
Seleccioná la bandera de la Provincia de Entre Ríos No
76%
Seleccioná la bandera de la Provincia de Entre Ríos No
76%
Seleccioná la bandera de la Provincia de Entre Ríos No
76%
Seleccioná la bandera de la Provincia de Entre Ríos No
76%
Seleccioná la bandera de la Provincia de Entre Ríos No
76%
Seleccioná la bandera de la Provincia de Entre Ríos No
76%
Seleccioná la bandera de la Provincia de Entre Ríos No
76%
Seleccioná la bandera de la Provincia de Chubut No
73%
Seleccioná la bandera de la Provincia de Chubut No
73%
Seleccioná la bandera de la Provincia de Chubut No
73%
Seleccioná la bandera de la Provincia de Chubut No
73%
Seleccioná la bandera de la Provincia de Córdoba No
73%
Seleccioná la bandera de la Provincia de Córdoba No
73%
Seleccioná la bandera de la Provincia de Córdoba No
73%
Seleccioná la bandera de la Provincia de Córdoba No
73%
Seleccioná la bandera de la Provincia de Córdoba No
73%
Seleccioná la bandera de la Provincia de Córdoba No
73%
Seleccioná la bandera de la Provincia de Córdoba No
73%
Seleccioná la bandera de la Provincia de Córdoba No
73%
Seleccioná la bandera de la Provincia de Córdoba No
73%
Seleccioná la bandera de la Provincia de Corrientes No
73%
Seleccioná la bandera de la Provincia de Corrientes No
73%
Seleccioná la bandera de la Provincia de Corrientes No
73%
Seleccioná la bandera de la Provincia de Corrientes No
73%
Seleccioná la bandera de la Provincia de Corrientes No
73%
Seleccioná la bandera de la Provincia de Corrientes No
73%
Seleccioná la bandera de la Provincia de Corrientes No
73%
Seleccioná la bandera de la Provincia de Corrientes No
73%
Seleccioná la bandera de la Provincia de Corrientes No
73%
Seleccioná la bandera de la Provincia de Corrientes No
73%
Seleccioná la bandera de la Provincia de Corrientes No
73%
Seleccioná la bandera de la Provincia de Corrientes No
73%
Seleccioná la bandera de la Provincia de Corrientes No
73%
Seleccioná la bandera de la Provincia de Corrientes No
73%
Seleccioná la bandera de la Provincia de Entre Ríos No
73%
Seleccioná la bandera de la Provincia de Entre Ríos No
73%
Seleccioná la bandera de la Provincia de Entre Ríos No
73%
Seleccioná la bandera de la Provincia de Entre Ríos No
73%
Seleccioná la bandera de la Provincia de Entre Ríos No
73%
Seleccioná la bandera de la Provincia de Chaco No
70%
Seleccioná la bandera de la Provincia de Chaco No
70%
Seleccioná la bandera de la Provincia de Chaco No
70%
Seleccioná la bandera de la Provincia de Chaco No
70%
Seleccioná la bandera de la Provincia de Chaco No
70%
Seleccioná la bandera de la Provincia de Chaco No
70%
Seleccioná la bandera de la Provincia de Chaco No
70%
Seleccioná la bandera de la Provincia de Chaco No
70%
Seleccioná la bandera de la Provincia de Chaco No
70%
Seleccioná la bandera de la Provincia de Chaco No
70%
Seleccioná la bandera de la Provincia de Chaco No
70%
Seleccioná la bandera de la Provincia de Chaco No
70%
Seleccioná la bandera de la Provincia de Chaco No
70%
Seleccioná la bandera de la Provincia de Chaco No
70%
Seleccioná la bandera de la Provincia de Chubut No
70%
Seleccioná la bandera de la Provincia de Chubut No
70%
Seleccioná la bandera de la Provincia de Corrientes No
70%
Seleccioná la bandera de la Provincia de Corrientes No
70%
Seleccioná la bandera de la Provincia de Corrientes No
70%
Seleccioná la bandera de la Provincia de Corrientes No
70%
Seleccioná la bandera de la Provincia de Corrientes No
70%
Seleccioná la bandera de la Provincia de Entre Ríos No
70%
Seleccioná la bandera de la Provincia de Misiones No
70%
Seleccioná la bandera de la Provincia de Misiones No
70%
Seleccioná la bandera de la Provincia de Misiones No
70%
Seleccioná la bandera de la Provincia de Misiones No
70%
Seleccioná la bandera de la Provincia de Misiones No
70%
Seleccioná la bandera de la Provincia de Misiones No
70%
Seleccioná la bandera de la Provincia de Misiones No
70%
Seleccioná la bandera de la Provincia de Misiones No
70%
Seleccioná la bandera de la Provincia de Misiones No
70%
Seleccioná la bandera de la Provincia de Misiones No
70%
Seleccioná la bandera de la Provincia de Misiones No
70%
Seleccioná la bandera de la Provincia de Misiones No
70%
Seleccioná la bandera de la Provincia de Misiones No
70%
Seleccioná la bandera de la Provincia de Misiones No
70%
Seleccioná la bandera de la Provincia de Misiones No
70%
Seleccioná la bandera de la Provincia de Misiones No
70%
Seleccioná la bandera de la Provincia de Misiones No
70%
Seleccioná la bandera de la Provincia de Catamarca No
68%
Seleccioná la bandera de la Provincia de Catamarca No
68%
Seleccioná la bandera de la Provincia de Catamarca No
68%
Seleccioná la bandera de la Provincia de Catamarca No
68%
Seleccioná la bandera de la Provincia de Catamarca No
68%
Seleccioná la bandera de la Provincia de Catamarca No
68%
Seleccioná la bandera de la Provincia de Catamarca No
68%
Seleccioná la bandera de la Provincia de Catamarca No
68%
Seleccioná la bandera de la Provincia de Catamarca No
68%
Seleccioná la bandera de la Provincia de Catamarca No
68%
Seleccioná la bandera de la Provincia de Catamarca No
68%
Seleccioná la bandera de la Provincia de Catamarca No
68%
Seleccioná la bandera de la Provincia de Catamarca No
68%
Seleccioná la bandera de la Provincia de Catamarca No
68%
Seleccioná la bandera de la Provincia de Catamarca No
68%
Seleccioná la bandera de la Provincia de Chaco No
68%
Seleccioná la bandera de la Provincia de Chaco No
68%
Seleccioná la bandera de la Provincia de Chaco No
68%
Seleccioná la bandera de la Provincia de Chaco No
68%
Seleccioná la bandera de la Provincia de Chaco No
68%
Seleccioná la bandera de la Provincia de Chaco No
68%
Seleccioná la bandera de la Provincia de Chaco No
68%
Seleccioná la bandera de la Provincia de Chubut No
68%
Seleccioná la bandera de la Provincia de Corrientes No
68%
Seleccioná la bandera de la Provincia de Corrientes No
68%
Seleccioná la bandera de la Provincia de Corrientes No
68%
Seleccioná la bandera de la Provincia de Corrientes No
68%
Seleccioná la bandera de la Provincia de La Rioja No
68%
Seleccioná la bandera de la Provincia de La Rioja No
68%
Seleccioná la bandera de la Provincia de La Rioja No
68%
Seleccioná la bandera de la Provincia de La Rioja No
68%
Seleccioná la bandera de la Provincia de La Rioja No
68%
Seleccioná la bandera de la Provincia de La Rioja No
68%
Seleccioná la bandera de la Provincia de La Rioja No
68%
Seleccioná la bandera de la Provincia de La Rioja No
68%
Seleccioná la bandera de la Provincia de La Rioja No
68%
Seleccioná la bandera de la Provincia de La Rioja No
68%
Seleccioná la bandera de la Provincia de La Rioja No
68%
Seleccioná la bandera de la Provincia de La Rioja No
68%
Seleccioná la bandera de la Provincia de La Rioja No
68%
Seleccioná la bandera de la Provincia de La Rioja No
68%
Seleccioná la bandera de la Provincia de La Rioja No
68%
Seleccioná la bandera de la Provincia de La Rioja No
68%
Seleccioná la bandera de la Provincia de La Rioja No
68%
Seleccioná la bandera de la Provincia de Mendoza No
68%
Seleccioná la bandera de la Provincia de Mendoza No
68%
Seleccioná la bandera de la Provincia de Mendoza No
68%
Seleccioná la bandera de la Provincia de Mendoza No
68%
Seleccioná la bandera de la Provincia de Mendoza No
68%
Seleccioná la bandera de la Provincia de Mendoza No
68%
Seleccioná la bandera de la Provincia de Mendoza No
68%
Seleccioná la bandera de la Provincia de Mendoza No
68%
Seleccioná la bandera de la Provincia de Mendoza No
68%
Seleccioná la bandera de la Provincia de Mendoza No
68%
Seleccioná la bandera de la Provincia de Mendoza No
68%
Seleccioná la bandera de la Provincia de Mendoza No
68%
Seleccioná la bandera de la Provincia de Mendoza No
68%
Seleccioná la bandera de la Provincia de Mendoza No
68%
Seleccioná la bandera de la Provincia de Mendoza No
68%
Seleccioná la bandera de la Provincia de Mendoza No
68%
Seleccioná la bandera de la Provincia de Misiones No
68%
Seleccioná la bandera de la Provincia de Misiones No
68%
Seleccioná la bandera de la Provincia de Misiones No
68%
Seleccioná la bandera de la Provincia de Misiones No
68%
Seleccioná la bandera de la Provincia de Misiones No
68%
Seleccioná la bandera de la Provincia de Misiones No
68%
Seleccioná la bandera de la Provincia de Misiones No
68%
Seleccioná la bandera de la Provincia de Río Negro No
68%
Seleccioná la bandera de la Provincia de Río Negro No
68%
Seleccioná la bandera de la Provincia de Río Negro No
68%
Seleccioná la bandera de la Provincia de Río Negro No
68%
Seleccioná la bandera de la Provincia de Río Negro No
68%
Seleccioná la bandera de la Provincia de Río Negro No
68%
Seleccioná la bandera de la Provincia de Río Negro No
68%
Seleccioná la bandera de la Provincia de Río Negro No
68%
Seleccioná la bandera de la Provincia de Río Negro No
68%
Seleccioná la bandera de la Provincia de Río Negro No
68%
Seleccioná la bandera de la Provincia de Río Negro No
68%
Seleccioná la bandera de la Provincia de Río Negro No
68%
Seleccioná la bandera de la Provincia de Río Negro No
68%
Seleccioná la bandera de la Provincia de Río Negro No
68%
Seleccioná la bandera de la Provincia de Río Negro No
68%
Seleccioná la bandera de la Provincia de Río Negro No
68%
Seleccioná la bandera de la Provincia de Salta No
68%
Seleccioná la bandera de la Provincia de Salta No
68%
Seleccioná la bandera de la Provincia de Salta No
68%
Seleccioná la bandera de la Provincia de Salta No
68%
Seleccioná la bandera de la Provincia de Salta No
68%
Seleccioná la bandera de la Provincia de Salta No
68%
Seleccioná la bandera de la Provincia de Salta No
68%
Seleccioná la bandera de la Provincia de Salta No
68%
Seleccioná la bandera de la Provincia de Salta No
68%
Seleccioná la bandera de la Provincia de Salta No
68%
Seleccioná la bandera de la Provincia de Salta No
68%
Seleccioná la bandera de la Provincia de Salta No
68%
Seleccioná la bandera de la Provincia de Salta No
68%
Seleccioná la bandera de la Provincia de Salta No
68%
Seleccioná la bandera de la Provincia de Salta No
68%
Seleccioná la bandera de la Provincia de Salta No
68%
Seleccioná la bandera de la Provincia de Salta No
68%
Seleccioná la bandera de la Provincia de Salta No
68%
Seleccioná la bandera de la Provincia de Catamarca No
65%
Seleccioná la bandera de la Provincia de Catamarca No
65%
Seleccioná la bandera de la Provincia de Catamarca No
65%
Seleccioná la bandera de la Provincia de Catamarca No
65%
Seleccioná la bandera de la Provincia de Catamarca No
65%
Seleccioná la bandera de la Provincia de Catamarca No
65%
Seleccioná la bandera de la Provincia de Chaco No
65%
Seleccioná la bandera de la Provincia de Chaco No
65%
Seleccioná la bandera de la Provincia de Chaco No
65%
Seleccioná la bandera de la Provincia de Corrientes No
65%
Seleccioná la bandera de la Provincia de Formosa No
65%
Seleccioná la bandera de la Provincia de Formosa No
65%
Seleccioná la bandera de la Provincia de Formosa No
65%
Seleccioná la bandera de la Provincia de Formosa No
65%
Seleccioná la bandera de la Provincia de Formosa No
65%
Seleccioná la bandera de la Provincia de Formosa No
65%
Seleccioná la bandera de la Provincia de Formosa No
65%
Seleccioná la bandera de la Provincia de Formosa No
65%
Seleccioná la bandera de la Provincia de Formosa No
65%
Seleccioná la bandera de la Provincia de Formosa No
65%
Seleccioná la bandera de la Provincia de Formosa No
65%
Seleccioná la bandera de la Provincia de Formosa No
65%
Seleccioná la bandera de la Provincia de La Pampa No
65%
Seleccioná la bandera de la Provincia de La Pampa No
65%
Seleccioná la bandera de la Provincia de La Pampa No
65%
Seleccioná la bandera de la Provincia de La Pampa No
65%
Seleccioná la bandera de la Provincia de La Pampa No
65%
Seleccioná la bandera de la Provincia de La Pampa No
65%
Seleccioná la bandera de la Provincia de La Pampa No
65%
Seleccioná la bandera de la Provincia de La Rioja No
65%
Seleccioná la bandera de la Provincia de La Rioja No
65%
Seleccioná la bandera de la Provincia de La Rioja No
65%
Seleccioná la bandera de la Provincia de Mendoza No
65%
Seleccioná la bandera de la Provincia de Mendoza No
65%
Seleccioná la bandera de la Provincia de Mendoza No
65%
Seleccioná la bandera de la Provincia de Mendoza No
65%
Seleccioná la bandera de la Provincia de Mendoza No
65%
Seleccioná la bandera de la Provincia de Neuquén No
65%
Seleccioná la bandera de la Provincia de Neuquén No
65%
Seleccioná la bandera de la Provincia de Neuquén No
65%
Seleccioná la bandera de la Provincia de Neuquén No
65%
Seleccioná la bandera de la Provincia de Neuquén No
65%
Seleccioná la bandera de la Provincia de Neuquén No
65%
Seleccioná la bandera de la Provincia de Neuquén No
65%
Seleccioná la bandera de la Provincia de Neuquén No
65%
Seleccioná la bandera de la Provincia de Neuquén No
65%
Seleccioná la bandera de la Provincia de Neuquén No
65%
Seleccioná la bandera de la Provincia de Neuquén No
65%
Seleccioná la bandera de la Provincia de Neuquén No
65%
Seleccioná la bandera de la Provincia de Neuquén No
65%
Seleccioná la bandera de la Provincia de Neuquén No
65%
Seleccioná la bandera de la Provincia de Neuquén No
65%
Seleccioná la bandera de la Provincia de Río Negro No
65%
Seleccioná la bandera de la Provincia de Río Negro No
65%
Seleccioná la bandera de la Provincia de Río Negro No
65%
Seleccioná la bandera de la Provincia de Río Negro No
65%
Seleccioná la bandera de la Provincia de Río Negro No
65%
Seleccioná la bandera de la Provincia de Salta No
65%
Seleccioná la bandera de la Provincia de Salta No
65%
Seleccioná la bandera de la Provincia de Salta No
65%
Seleccioná la bandera de la Provincia de Salta No
65%
Seleccioná la bandera de la Provincia de Salta No
65%
Seleccioná la bandera de la Provincia de Salta No
65%
Seleccioná la bandera de la Provincia de Tierra del Fuego, Antártida e Islas del Atlántico Sur No
65%
Seleccioná la bandera de la Provincia de Tierra del Fuego, Antártida e Islas del Atlántico Sur No
65%
Seleccioná la bandera de la Provincia de Tierra del Fuego, Antártida e Islas del Atlántico Sur No
65%
Seleccioná la bandera de la Provincia de Tierra del Fuego, Antártida e Islas del Atlántico Sur No
65%
Seleccioná la bandera de la Provincia de Tierra del Fuego, Antártida e Islas del Atlántico Sur No
65%
Seleccioná la bandera de la Provincia de Tierra del Fuego, Antártida e Islas del Atlántico Sur No
65%
Seleccioná la bandera de la Provincia de Tierra del Fuego, Antártida e Islas del Atlántico Sur No
65%
Seleccioná la bandera de la Provincia de Tierra del Fuego, Antártida e Islas del Atlántico Sur No
65%
Seleccioná la bandera de la Provincia de Tierra del Fuego, Antártida e Islas del Atlántico Sur No
65%
Seleccioná la bandera de la Provincia de Tierra del Fuego, Antártida e Islas del Atlántico Sur No
65%
Seleccioná la bandera de la Provincia de Tierra del Fuego, Antártida e Islas del Atlántico Sur No
65%
Seleccioná la bandera de la Provincia de Tierra del Fuego, Antártida e Islas del Atlántico Sur No
65%
Seleccioná la bandera de la Provincia de Tierra del Fuego, Antártida e Islas del Atlántico Sur No
65%
Seleccioná la bandera de la Provincia de Tierra del Fuego, Antártida e Islas del Atlántico Sur No
65%
Seleccioná la bandera de la Provincia de Tierra del Fuego, Antártida e Islas del Atlántico Sur No
65%
Seleccioná la bandera de la Provincia de Tierra del Fuego, Antártida e Islas del Atlántico Sur No
65%
Seleccioná la bandera de la Provincia de Tierra del Fuego, Antártida e Islas del Atlántico Sur No
65%
Seleccioná la bandera de la Provincia de Tierra del Fuego, Antártida e Islas del Atlántico Sur No
65%
Seleccioná la bandera de la Provincia de Tierra del Fuego, Antártida e Islas del Atlántico Sur No
65%
Seleccioná la bandera de la Provincia de Tierra del Fuego, Antártida e Islas del Atlántico Sur No
65%
Seleccioná la bandera de la Provincia de Tierra del Fuego, Antártida e Islas del Atlántico Sur No
65%
Seleccioná la bandera de la Provincia de Catamarca No
62%
Seleccioná la bandera de la Provincia de Catamarca No
62%
Seleccioná la bandera de la Provincia de Catamarca No
62%
Seleccioná la bandera de la Provincia de Formosa No
62%
Seleccioná la bandera de la Provincia de Formosa No
62%
Seleccioná la bandera de la Provincia de Formosa No
62%
Seleccioná la bandera de la Provincia de Formosa No
62%
Seleccioná la bandera de la Provincia de Formosa No
62%
Seleccioná la bandera de la Provincia de Formosa No
62%
Seleccioná la bandera de la Provincia de Formosa No
62%
Seleccioná la bandera de la Provincia de Formosa No
62%
Seleccioná la bandera de la Provincia de Formosa No
62%
Seleccioná la bandera de la Provincia de Formosa No
62%
Seleccioná la bandera de la Provincia de Formosa No
62%
Seleccioná la bandera de la Provincia de Formosa No
62%
Seleccioná la bandera de la Provincia de Jujuy No
62%
Seleccioná la bandera de la Provincia de Jujuy No
62%
Seleccioná la bandera de la Provincia de Jujuy No
62%
Seleccioná la bandera de la Provincia de Jujuy No
62%
Seleccioná la bandera de la Provincia de Jujuy No
62%
Seleccioná la bandera de la Provincia de Jujuy No
62%
Seleccioná la bandera de la Provincia de Jujuy No
62%
Seleccioná la bandera de la Provincia de Jujuy No
62%
Seleccioná la bandera de la Provincia de Jujuy No
62%
Seleccioná la bandera de la Provincia de Jujuy No
62%
Seleccioná la bandera de la Provincia de Jujuy No
62%
Seleccioná la bandera de la Provincia de Jujuy No
62%
Seleccioná la bandera de la Provincia de Jujuy No
62%
Seleccioná la bandera de la Provincia de Jujuy No
62%
Seleccioná la bandera de la Provincia de La Pampa No
62%
Seleccioná la bandera de la Provincia de La Pampa No
62%
Seleccioná la bandera de la Provincia de La Pampa No
62%
Seleccioná la bandera de la Provincia de La Pampa No
62%
Seleccioná la bandera de la Provincia de La Pampa No
62%
Seleccioná la bandera de la Provincia de La Pampa No
62%
Seleccioná la bandera de la Provincia de La Pampa No
62%
Seleccioná la bandera de la Provincia de La Rioja No
62%
Seleccioná la bandera de la Provincia de La Rioja No
62%
Seleccioná la bandera de la Provincia de Mendoza No
62%
Seleccioná la bandera de la Provincia de Mendoza No
62%
Seleccioná la bandera de la Provincia de Neuquén No
62%
Seleccioná la bandera de la Provincia de Neuquén No
62%
Seleccioná la bandera de la Provincia de Neuquén No
62%
Seleccioná la bandera de la Provincia de Neuquén No
62%
Seleccioná la bandera de la Provincia de Neuquén No
62%
Seleccioná la bandera de la Provincia de Neuquén No
62%
Seleccioná la bandera de la Provincia de Neuquén No
62%
Seleccioná la bandera de la Provincia de Neuquén No
62%
Seleccioná la bandera de la Provincia de Río Negro No
62%
Seleccioná la bandera de la Provincia de Río Negro No
62%
Seleccioná la bandera de la Provincia de San Juan No
62%
Seleccioná la bandera de la Provincia de San Juan No
62%
Seleccioná la bandera de la Provincia de San Juan No
62%
Seleccioná la bandera de la Provincia de San Juan No
62%
Seleccioná la bandera de la Provincia de San Juan No
62%
Seleccioná la bandera de la Provincia de San Juan No
62%
Seleccioná la bandera de la Provincia de San Juan No
62%
Seleccioná la bandera de la Provincia de San Juan No
62%
Seleccioná la bandera de la Provincia de San Juan No
62%
Seleccioná la bandera de la Provincia de San Juan No
62%
Seleccioná la bandera de la Provincia de San Juan No
62%
Seleccioná la bandera de la Provincia de San Juan No
62%
Seleccioná la bandera de la Provincia de San Juan No
62%
Seleccioná la bandera de la Provincia de San Juan No
62%
Seleccioná la bandera de la Provincia de San Juan No
62%
Seleccioná la bandera de la Provincia de San Juan No
62%
Seleccioná la bandera de la Provincia de San Luis No
62%
Seleccioná la bandera de la Provincia de San Luis No
62%
Seleccioná la bandera de la Provincia de San Luis No
62%
Seleccioná la bandera de la Provincia de San Luis No
62%
Seleccioná la bandera de la Provincia de San Luis No
62%
Seleccioná la bandera de la Provincia de San Luis No
62%
Seleccioná la bandera de la Provincia de San Luis No
62%
Seleccioná la bandera de la Provincia de San Luis No
62%
Seleccioná la bandera de la Provincia de San Luis No
62%
Seleccioná la bandera de la Provincia de San Luis No
62%
Seleccioná la bandera de la Provincia de San Luis No
62%
Seleccioná la bandera de la Provincia de San Luis No
62%
Seleccioná la bandera de la Provincia de San Luis No
62%
Seleccioná la bandera de la Provincia de San Luis No
62%
Seleccioná la bandera de la Provincia de San Luis No
62%
Seleccioná la bandera de la Provincia de San Luis No
62%
Seleccioná la bandera de la Provincia de San Luis No
62%
Seleccioná la bandera de la Provincia de Santa Fe No
62%
Seleccioná la bandera de la Provincia de Santa Fe No
62%
Seleccioná la bandera de la Provincia de Santa Fe No
62%
Seleccioná la bandera de la Provincia de Santa Fe No
62%
Seleccioná la bandera de la Provincia de Santa Fe No
62%
Seleccioná la bandera de la Provincia de Santa Fe No
62%
Seleccioná la bandera de la Provincia de Santa Fe No
62%
Seleccioná la bandera de la Provincia de Santa Fe No
62%
Seleccioná la bandera de la Provincia de Santa Fe No
62%
Seleccioná la bandera de la Provincia de Santa Fe No
62%
Seleccioná la bandera de la Provincia de Santa Fe No
62%
Seleccioná la bandera de la Provincia de Santa Fe No
62%
Seleccioná la bandera de la Provincia de Santa Fe No
62%
Seleccioná la bandera de la Provincia de Santa Fe No
62%
Seleccioná la bandera de la Provincia de Santa Fe No
62%
Seleccioná la bandera de la Provincia de Santa Fe No
62%
Seleccioná la bandera de la Provincia de Santa Fe No
62%
Seleccioná la bandera de la Provincia de Santa Fe No
62%
Seleccioná la bandera de la Provincia de Santa Fe No
62%
Seleccioná la bandera de la Provincia de Santa Fe No
62%
Seleccioná la bandera de la Provincia de Tierra del Fuego, Antártida e Islas del Atlántico Sur No
62%
Seleccioná la bandera de la Provincia de Tierra del Fuego, Antártida e Islas del Atlántico Sur No
62%
Seleccioná la bandera de la Provincia de Jujuy No
59%
Seleccioná la bandera de la Provincia de Jujuy No
59%
Seleccioná la bandera de la Provincia de Jujuy No
59%
Seleccioná la bandera de la Provincia de Jujuy No
59%
Seleccioná la bandera de la Provincia de Jujuy No
59%
Seleccioná la bandera de la Provincia de Jujuy No
59%
Seleccioná la bandera de la Provincia de Jujuy No
59%
Seleccioná la bandera de la Provincia de La Pampa No
59%
Seleccioná la bandera de la Provincia de La Pampa No
59%
Seleccioná la bandera de la Provincia de La Pampa No
59%
Seleccioná la bandera de la Provincia de La Pampa No
59%
Seleccioná la bandera de la Provincia de La Pampa No
59%
Seleccioná la bandera de la Provincia de La Pampa No
59%
Seleccioná la bandera de la Provincia de La Pampa No
59%
Seleccioná la bandera de la Provincia de La Pampa No
59%
Seleccioná la bandera de la Provincia de La Pampa No
59%
Seleccioná la bandera de la Provincia de La Rioja No
59%
Seleccioná la bandera de la Provincia de La Rioja No
59%
Seleccioná la bandera de la Provincia de Mendoza No
59%
Seleccioná la bandera de la Provincia de Neuquén No
59%
Seleccioná la bandera de la Provincia de Río Negro No
59%
Seleccioná la bandera de la Provincia de San Juan No
59%
Seleccioná la bandera de la Provincia de San Juan No
59%
Seleccioná la bandera de la Provincia de San Juan No
59%
Seleccioná la bandera de la Provincia de San Juan No
59%
Seleccioná la bandera de la Provincia de San Luis No
59%
Seleccioná la bandera de la Provincia de San Luis No
59%
Seleccioná la bandera de la Provincia de Santa Cruz No
59%
Seleccioná la bandera de la Provincia de Santa Cruz No
59%
Seleccioná la bandera de la Provincia de Santa Cruz No
59%
Seleccioná la bandera de la Provincia de Santa Cruz No
59%
Seleccioná la bandera de la Provincia de Santa Cruz No
59%
Seleccioná la bandera de la Provincia de Santa Cruz No
59%
Seleccioná la bandera de la Provincia de Santa Cruz No
59%
Seleccioná la bandera de la Provincia de Santa Cruz No
59%
Seleccioná la bandera de la Provincia de Santa Cruz No
59%
Seleccioná la bandera de la Provincia de Santa Cruz No
59%
Seleccioná la bandera de la Provincia de Santa Cruz No
59%
Seleccioná la bandera de la Provincia de Santa Cruz No
59%
Seleccioná la bandera de la Provincia de Santa Cruz No
59%
Seleccioná la bandera de la Provincia de Santa Cruz No
59%
Seleccioná la bandera de la Provincia de Santa Cruz No
59%
Seleccioná la bandera de la Provincia de Santa Cruz No
59%
Seleccioná la bandera de la Provincia de Santa Cruz No
59%
Seleccioná la bandera de la Provincia de Santa Cruz No
59%
Seleccioná la bandera de la Provincia de Santa Fe No
59%
Seleccioná la bandera de la Provincia de Santa Fe No
59%
Seleccioná la bandera de la Provincia de Santa Fe No
59%
Seleccioná la bandera de la Provincia de Santa Fe No
59%
Seleccioná la bandera de la Provincia de Tierra del Fuego, Antártida e Islas del Atlántico Sur No
59%
Seleccioná la bandera de la Provincia de Entre Ríos
57%
Seleccioná la bandera de la Provincia de Jujuy No
57%
Seleccioná la bandera de la Provincia de Jujuy No
57%
Seleccioná la bandera de la Provincia de La Pampa No
57%
Seleccioná la bandera de la Provincia de San Juan No
57%
Seleccioná la bandera de la Provincia de San Juan No
57%
Seleccioná la bandera de la Provincia de San Juan No
57%
Seleccioná la bandera de la Provincia de San Luis No
57%
Seleccioná la bandera de la Provincia de San Luis No
57%
Seleccioná la bandera de la Provincia de San Luis No
57%
Seleccioná la bandera de la Provincia de San Luis No
57%
Seleccioná la bandera de la Provincia de Santa Cruz No
57%
Seleccioná la bandera de la Provincia de Santa Cruz No
57%
Seleccioná la bandera de la Provincia de Santa Cruz No
57%
Seleccioná la bandera de la Provincia de Santa Cruz No
57%
Seleccioná la bandera de la Provincia de Santa Cruz No
57%
Seleccioná la bandera de la Provincia de Santiago del Estero No
57%
Seleccioná la bandera de la Provincia de Santiago del Estero No
57%
Seleccioná la bandera de la Provincia de Santiago del Estero No
57%
Seleccioná la bandera de la Provincia de Santiago del Estero No
57%
Seleccioná la bandera de la Provincia de Santiago del Estero No
57%
Seleccioná la bandera de la Provincia de Santiago del Estero No
57%
Seleccioná la bandera de la Provincia de Santiago del Estero No
57%
Seleccioná la bandera de la Provincia de Santiago del Estero No
57%
Seleccioná la bandera de la Provincia de Santiago del Estero No
57%
Seleccioná la bandera de la Provincia de Santiago del Estero No
57%
Seleccioná la bandera de la Provincia de Santiago del Estero No
57%
Seleccioná la bandera de la Provincia de Santiago del Estero No
57%
Seleccioná la bandera de la Provincia de Santiago del Estero No
57%
Seleccioná la bandera de la Provincia de Santiago del Estero No
57%
Seleccioná la bandera de la Provincia de Santiago del Estero No
57%
Seleccioná la bandera de la Provincia de Santiago del Estero No
57%
Seleccioná la bandera de la Provincia de Santiago del Estero No
57%
Seleccioná la bandera de la Provincia de Santiago del Estero No
57%
Seleccioná la bandera de la Provincia de Santiago del Estero No
57%
Seleccioná la bandera de la Provincia de Tucumán No
57%
Seleccioná la bandera de la Provincia de Tucumán No
57%
Seleccioná la bandera de la Provincia de Tucumán No
57%
Seleccioná la bandera de la Provincia de Tucumán No
57%
Seleccioná la bandera de la Provincia de Tucumán No
57%
Seleccioná la bandera de la Provincia de Tucumán No
57%
Seleccioná la bandera de la Provincia de Tucumán No
57%
Seleccioná la bandera de la Provincia de Tucumán No
57%
Seleccioná la bandera de la Provincia de Tucumán No
57%
Seleccioná la bandera de la Provincia de Tucumán No
57%
Seleccioná la bandera de la Provincia de Tucumán No
57%
Seleccioná la bandera de la Provincia de Tucumán No
57%
Seleccioná la bandera de la Provincia de Tucumán No
57%
Seleccioná la bandera de la Provincia de Tucumán No
57%
Seleccioná la bandera de la Provincia de Tucumán No
57%
Seleccioná la bandera de la Provincia de Tucumán No
57%
Seleccioná la bandera de la Provincia de Tucumán No
57%
Seleccioná la bandera de la Provincia de Tucumán No
57%
Seleccioná la bandera de la Provincia de San Juan No
54%
Seleccioná la bandera de la Provincia de San Luis No
54%
Seleccioná la bandera de la Provincia de Santa Cruz No
54%
Seleccioná la bandera de la Provincia de Santiago del Estero No
54%
Seleccioná la bandera de la Provincia de Santiago del Estero No
54%
Seleccioná la bandera de la Provincia de Santiago del Estero No
54%
Seleccioná la bandera de la Provincia de Santiago del Estero No
54%
Seleccioná la bandera de la Provincia de Santiago del Estero No
54%
Seleccioná la bandera de la Provincia de Tierra del Fuego, Antártida e Islas del Atlántico Sur
54%
Seleccioná la bandera de la Provincia de Tucumán No
54%
Seleccioná la bandera de la Provincia de Tucumán No
54%
Seleccioná la bandera de la Provincia de Tucumán No
54%
Seleccioná la bandera de la Provincia de Tucumán No
54%
Seleccioná la bandera de la Provincia de Tucumán No
54%
Seleccioná la bandera de la Provincia de Tucumán No
54%
Seleccioná la bandera de la Provincia de Córdoba
51%
Seleccioná la bandera de la Provincia de Jujuy No
51%
Seleccioná la bandera de la Provincia de Misiones
51%
Seleccioná la bandera de la Provincia de Salta
51%
Seleccioná la bandera de la Provincia de Santa Fe
51%
Seleccioná la bandera de la Provincia de Chubut
46%
Seleccioná la bandera de la Provincia de Chaco
43%
Seleccioná la bandera de la Provincia de Neuquén
43%
Seleccioná la bandera de la Provincia de Santiago del Estero
43%
Seleccioná la bandera de la Provincia de Tucumán
43%
Seleccioná la bandera de la Provincia de Santa Cruz
41%
Seleccioná la bandera de la Provincia de Mendoza
38%
Seleccioná la bandera de la Provincia de Río Negro
38%
Seleccioná la bandera de la Provincia de Catamarca
35%
Seleccioná la bandera de la Provincia de Corrientes
35%
Seleccioná la bandera de la Provincia de La Rioja
35%
Seleccioná la bandera de la Provincia de Formosa
32%
Seleccioná la bandera de la Provincia de Jujuy
30%
Seleccioná la bandera de la Provincia de San Luis
30%
Seleccioná la bandera de la Provincia de La Pampa
27%
Seleccioná la bandera de la Provincia de San Juan
27%
No se encontraron pruebas coincidentes
Distribución de puntuación
Porcentaje de gente con cada puntuación
Porcentaje por número respondido
Historial de tus puntuaciones
No has intentado esta prueba.